| 000 | 00355nam a2200145Ia 4500 | ||
|---|---|---|---|
| 008 | 100122s9999 xx 000 0 und d | ||
| 082 |
_b43606 _a821 |
||
| 100 | _aNIMETH A J | ||
| 245 | _aTENDER LOVING CARE | ||
| 260 |
_bBETTER YOUR SELF BOOKS _c1975 |
||
| 300 | _a120 | ||
| 630 | _aTENDER LOVING CARE | ||
| 730 | _aTENDER LOVING CARE | ||
| 942 | _cBOOK | ||
| 999 |
_c373169 _d373166 |
||